| 000 | 00893nam a22001937a 4500 | ||
|---|---|---|---|
| 999 |
_c2878 _d2878 |
||
| 003 | OSt | ||
| 005 | 20230908112400.0 | ||
| 008 | 230908b ||||| |||| 00| 0 eng d | ||
| 020 | _a9781580893299 | ||
| 040 | _cKH8 | ||
| 082 | _a813.6 PER | ||
| 100 |
_aPerkins, Mitali, _eauthor. |
||
| 245 |
_aBamboo People / _cMitali, Perkins. |
||
| 260 |
_bCharlesbridge, _c2012. |
||
| 300 |
_a288 pages : _c5.44 x 0.79 x 8.19 inches. |
||
| 520 | _aChiko isn't a fighter by nature. He's a book-loving Burmese boy whose father, a doctor, is in prison for resisting the government. Tu Reh, on the other hand, wants to fight for freedom after watching Burmese soldiers destroy his Karenni family's home and bamboo fields. Timidity becomes courage and anger becomes compassion as each boy is changed by unlikely friendships formed under extreme circumstances. | ||
| 650 |
_aFiction _vSoldier |
||
| 942 |
_2ddc _cTR |
||